000 00490nam a2200181Ia 4500
003 GCL
008 140319s9999 xx 000 0 eng d
040 _aGCL /
_cGCL
082 0 4 _a658.848
_bM I
100 1 _aMELOAN, TAYLOR W.
245 1 0 _aINTERNATIONAL AND GLOBAL MARKETING: CONCEPTS AND CASES /
_cMELOAN, TAYLOR W.
700 1 _aGRAHAM, JOHN J.
260 _a[S.N] :
_bIRWIN ،
_c1995
300 _a640 P
650 0 4 _aCASE STUDIES
650 0 4 _aEXPORT MARKETING
942 _2ddc
_cBK
999 _c11649
_d11649